| 000 | 00343nam a2200145Ia 4500 | ||
|---|---|---|---|
| 003 | LK-CoDNM | ||
| 008 | 010623t1980 xxu||||| |||| 00| 1 eng d | ||
| 040 |
_aLK-CoDNM _dLK-CoDNM _eLK-CoDNM |
||
| 041 | _aeng | ||
| 080 | _aX 32 | ||
| 245 | _aHis Excellency The President's Address | ||
| 260 |
_b _c1980 |
||
| 300 | _b8p.;21 cm cm | ||
| 942 | _cBK | ||
| 999 |
_c111159 _d111159 |
||